000
00316nam a2200109Ia 4500
008
200302s9999 xx 000 0 und d
100
_a
Council of Architecture
245
_a
Archiving 06, 07, 08 Arcgutectural Thesis
260
_b
National Instiute for Advanced studies in Architecture
260
_c
2011
300
_a
158
999
_c
3417
_d
3417